Royal Society of Ulster Architects (Record no. 120420)

MARC details
000 -LEADER
fixed length control field 00863cam a2200205 4500
001 - CONTROL NUMBER
control field WS125628
008 - FIXED-LENGTH DATA ELEMENTS--GENERAL INFORMATION
fixed length control field 040329n 000 0 eng u
035 ## - SYSTEM CONTROL NUMBER
System control number (Sirsi) u125628
110 ## - MAIN ENTRY--CORPORATE NAME
Corporate name or jurisdiction name as entry element Royal Society of Ulster Architects
9 (RLIN) 2193
245 ## - TITLE STATEMENT
Title Royal Society of Ulster Architects
520 ## - SUMMARY, ETC.
Summary, etc. Web site for this organisation representing architects in Northern Ireland. Includes a searchable database of members, links to their journal 'Perspective', a database of architectural model-makers, artists and computer visualisers and a developing index of bulletin articles.
650 ## - SUBJECT ADDED ENTRY--TOPICAL TERM
Topical term or geographic name entry element ORGANISATION
650 ## - SUBJECT ADDED ENTRY--TOPICAL TERM
Topical term or geographic name entry element ARCHITECTS
650 ## - SUBJECT ADDED ENTRY--TOPICAL TERM
Topical term or geographic name entry element NORTHERN IRELAND
650 ## - SUBJECT ADDED ENTRY--TOPICAL TERM
Topical term or geographic name entry element MODEL MAKERS
650 ## - SUBJECT ADDED ENTRY--TOPICAL TERM
Topical term or geographic name entry element ARCHITECTURAL ARTISTS
690 ## - LOCAL SUBJECT ADDED ENTRY--TOPICAL TERM (OCLC, RLIN)
Topical term or geographic name as entry element BUILT ENVIRONMENT
856 40 - ELECTRONIC LOCATION AND ACCESS
Uniform Resource Identifier <a href="https://www.rsua.org.uk">https://www.rsua.org.uk</a>
Public note View the website free of charge at www.rsua.org.uk...
942 ## - ADDED ENTRY ELEMENTS (KOHA)
Suppress in OPAC 0
Holdings
Withdrawn status Lost status Source of classification or shelving scheme Damaged status Not for loan Home library Current library Shelving location Date acquired Total Checkouts Full call number Barcode Date last seen Copy number Price effective from Koha item type
    Dewey Decimal Classification     Virtual Virtual Online 29/03/2004   WEB SITE 125628-1001 06/08/2019 1 06/08/2019 Online material